Movilidad social intergeneracional en el México urbano /
Tallennettuna:
| Päätekijä: | |
|---|---|
| Muut tekijät: | |
| Aineistotyyppi: | Teksti |
| Tagit: |
Lisää tagi
Ei tageja, Lisää ensimmäinen tagi!
|
MARC
| LEADER | 00000 a a2200000 04500 | ||
|---|---|---|---|
| 001 | 47255 | ||
| 003 | |||
| 040 | |||
| 100 | |a Cortés, Fernando | ||
| 245 | |a Movilidad social intergeneracional en el México urbano / |c Fernando Cortés, Agustín Escobar Latapí | ||
| 700 | |a Escobar Latapí, Agustín | ||
| 773 | |g páginas 409-445 | ||
| 999 | |c 27664 |d 27664 | ||
